000 00369nam a2200157Ia 4500
003 OSt
005 20240208124522.0
008 170523s9999 xx 000 0 und d
020 _a 978-9353676261
040 _ciimt university meerut
100 _aMISHRA- PURI
245 0 _aINDIAN ECONOMY
260 _bHIMALAYA PUBLICATION HOUSE
260 _c1995
942 _2ddc
_c02
999 _c422
_d422